000 00660nam a2200229Ia 4500
005 20250508165234.0
008 008 250505s9999 xx 000 0 eng d
020 _a978-81-317-7049-8
037 _aReference
040 _aFEDL
_beng
_cFEDL
041 _aeng
_2eng
084 _a001.42, MEY/RR
_qFEDL
100 _aMeyers Lawrence S
245 0 _aApplied multivariate research: Design and interpretation
250 _a2
260 _aThousand Oaks, Calfornia
_bSage
_c2013
300 _axv, 1078p.
365 _aUSD
_b119
700 _a Gamst Glenn Giaromo A J
_9780246
942 _cREF
_h001.42, MEY/RR
999 _c1393993
_d1393993